Т. 1: Философская публицистика; Сочинения

Bibliografiske detaljer
Parent link:Соловьев, Владимир Сергеевич. Сочинения: В 2 т.. Т. 1: Философская публицистика.— , 1989
Sprog:russisk
Udgivet: 1989
Fag:
Format: Bog
KOHA link:https://koha.lib.tpu.ru/cgi-bin/koha/opac-detail.pl?biblionumber=62899

MARC

LEADER 00000nam2a2200000 4500
001 62899
005 20250527175417.0
035 |a (RuTPU)RU\TPU\book\66719 
035 |a RU\TPU\book\20023 
090 |a 62899 
100 |a 20040421d1989 k y0rusy50 ca 
101 0 |a rus 
102 |a RU 
105 |a y z 000zy 
200 0 |a Т. 1: Философская публицистика 
210 |d 1989 
215 |a 687 с. 
461 1 |0 (RuTPU)RU\TPU\book\20023  |t Сочинения  |o В 2 т.  |v Т. 1: Философская публицистика  |d 1989  |s Из истории отечественной философской мысли  |a Соловьев, Владимир Сергеевич 
606 |a Национальная политика России  |x История  |9 81509 
610 1 |a философия 
610 1 |a русская философия 
610 1 |a 19 век 
610 1 |a нации 
610 1 |a Россия 
610 1 |a национальный вопрос 
686 |a Ю3(2)51  |2 rubbk 
686 |a Т3(2)-3  |2 rubbk 
801 0 |a RU  |b 63413507  |c 20011209  |g PSBO 
801 1 |a RU  |b 63413507  |c 20040421  |g PSBO 
801 2 |a RU  |b 63413507  |c 20160225  |g PSBO 
850 |a 63413507 
942 |c BK